[Event "Chessable Masters - Torneo preliminare"]
[White "Le, Quang Liem"]
[Black "Firouzja, Alireza"]
[WhiteFideId "12401137"]
[BlackFideId "12573981"]
[WhiteElo "2661"]
[BlackElo "2745"]
[Result "1-0"]
[Round "4"]
[TimeControl "600+2"]
[Date "2023.03.13"]
[WhiteClock "0:01:55"]
[BlackClock "0:00:02"]

1. d4 {[%clk 0:10:01]}  Nf6 {[%clk 0:09:46]} 2. Nf3 {[%clk 0:10:02]}  d5 {[%clk 0:09:46]} 3. c4 {[%clk 0:10:03]}  e6 {[%clk 0:09:46]} 4. g3 {[%clk 0:10:03]}  dxc4 {[%clk 0:09:37]} 5. Bg2 {[%clk 0:10:04]}  c5 {[%clk 0:09:38]} 6. O-O {[%clk 0:10:01]}  Nc6 {[%clk 0:09:38]} 7. Qa4 {[%clk 0:10:02]}  Bd7 {[%clk 0:09:37]} 8. dxc5 {[%clk 0:10:03]}  Na5 {[%clk 0:09:32]} 9. Qc2 {[%clk 0:09:47]}  Bxc5 {[%clk 0:09:21]} 10. Ne5 {[%clk 0:09:36]}  Qc7 {[%clk 0:09:09]} 11. Bf4 {[%clk 0:09:06]}  Bd6 {[%clk 0:08:09]} 12. Nxd7 {[%clk 0:08:29]}  Nxd7 {[%clk 0:08:08]} 13. Bxd6 {[%clk 0:08:28]}  Qxd6 {[%clk 0:08:09]} 14. Rd1 {[%clk 0:08:29]}  Qc7 {[%clk 0:08:03]} 15. Na3 {[%clk 0:08:12]}  O-O {[%clk 0:07:24]} 16. b4 {[%clk 0:07:56]}  Nc6 {[%clk 0:07:21]} 17. Qxc4 {[%clk 0:07:53]}  Nde5 {[%clk 0:07:12]} 18. Qc3 {[%clk 0:07:27]}  Rac8 {[%clk 0:06:20]} 19. Nb5 {[%clk 0:06:44]}  Qb6 {[%clk 0:03:02]} 20. Nd6 {[%clk 0:06:40]}  Rcd8 {[%clk 0:01:45]} 21. b5 {[%clk 0:06:26]}  Ng4 {[%clk 0:01:46]} 22. e3 {[%clk 0:06:09]}  Ne7 {[%clk 0:01:03]} 23. Qd4 {[%clk 0:05:29]}  Qxd4 {[%clk 0:00:58]} 24. Rxd4 {[%clk 0:05:31]}  b6 {[%clk 0:00:57]} 25. Rad1 {[%clk 0:04:54]}  Nf6 {[%clk 0:00:34]} 26. e4 {[%clk 0:04:47]}  Ng6 {[%clk 0:00:20]} 27. Kf1 {[%clk 0:04:20]}  Rd7 {[%clk 0:00:20]} 28. Ke2 {[%clk 0:04:10]}  Rc7 {[%clk 0:00:20]} 29. R1d2 {[%clk 0:03:45]}  Rd8 {[%clk 0:00:19]} 30. Nf5 {[%clk 0:03:30]}  Rxd4 {[%clk 0:00:18]} 31. Nxd4 {[%clk 0:03:32]}  Rc4 {[%clk 0:00:09]} 32. Nc6 {[%clk 0:03:26]}  h5 {[%clk 0:00:09]} 33. h3 {[%clk 0:02:36]}  Ra4 {[%clk 0:00:05]} 34. e5 {[%clk 0:02:30]}  Ne4 {[%clk 0:00:06]} 35. Bxe4 {[%clk 0:02:00]}  Rxe4+ {[%clk 0:00:08]} 36. Kd3 {[%clk 0:02:01]}  Ra4 {[%clk 0:00:10]} 37. Kc3 {[%clk 0:02:02]}  a6 {[%clk 0:00:04]} 38. bxa6 {[%clk 0:02:01]}  Rxa6 {[%clk 0:00:06]} 39. Kb4 {[%clk 0:02:01]}  h4 {[%clk 0:00:06]} 40. a4 {[%clk 0:01:59]}  hxg3 {[%clk 0:00:05]} 41. fxg3 {[%clk 0:02:01]}  f6 {[%clk 0:00:06]} 42. Rd8+ {[%clk 0:02:00]}  Kh7 {[%clk 0:00:03]} 43. Kb5 {[%clk 0:02:02]}  Nxe5 {[%clk 0:00:02]} 44. Kxa6 {[%clk 0:01:55]} 1-0


[Site "Internet"]

[Event "Chessable Masters - Torneo preliminare"]
[White "Abdusattorov, Nodirbek"]
[Black "Alekseenko, Kirill"]
[WhiteFideId "14204118"]
[BlackFideId "4135539"]
[WhiteElo "2714"]
[BlackElo "2632"]
[Result "1-0"]
[Round "4"]
[TimeControl "600+2"]
[Date "2023.03.13"]
[WhiteClock "0:02:36"]
[BlackClock "0:00:04"]

1. e4 {[%clk 0:10:01]}  e5 {[%clk 0:10:00]} 2. Nf3 {[%clk 0:10:02]}  Nc6 {[%clk 0:10:00]} 3. Bb5 {[%clk 0:10:03]}  a6 {[%clk 0:10:01]} 4. Ba4 {[%clk 0:10:04]}  Nf6 {[%clk 0:09:54]} 5. O-O {[%clk 0:10:05]}  Be7 {[%clk 0:09:54]} 6. d3 {[%clk 0:10:01]}  b5 {[%clk 0:09:55]} 7. Bb3 {[%clk 0:10:02]}  d6 {[%clk 0:09:56]} 8. a3 {[%clk 0:10:03]}  O-O {[%clk 0:09:52]} 9. Nc3 {[%clk 0:10:03]}  Nb8 {[%clk 0:09:44]} 10. Bd2 {[%clk 0:09:46]}  Nbd7 {[%clk 0:09:04]} 11. Nd5 {[%clk 0:09:38]}  Nxd5 {[%clk 0:08:59]} 12. Bxd5 {[%clk 0:09:40]}  Rb8 {[%clk 0:09:00]} 13. b4 {[%clk 0:09:37]}  Nb6 {[%clk 0:08:05]} 14. Bb3 {[%clk 0:09:36]}  Kh8 {[%clk 0:07:56]} 15. d4 {[%clk 0:09:23]}  exd4 {[%clk 0:07:06]} 16. Nxd4 {[%clk 0:09:24]}  Bb7 {[%clk 0:07:07]} 17. c3 {[%clk 0:08:23]}  c5 {[%clk 0:06:47]} 18. Nf5 {[%clk 0:08:21]}  Bxe4 {[%clk 0:06:33]} 19. Nxe7 {[%clk 0:07:32]}  Qxe7 {[%clk 0:06:34]} 20. Re1 {[%clk 0:07:34]}  Qb7 {[%clk 0:06:32]} 21. f3 {[%clk 0:07:20]}  Bg6 {[%clk 0:06:22]} 22. Bf4 {[%clk 0:07:16]}  Rbd8 {[%clk 0:06:17]} 23. Bxd6 {[%clk 0:07:01]}  c4 {[%clk 0:03:36]} 24. Bxf8 {[%clk 0:06:58]}  Rxd1 {[%clk 0:03:37]} 25. Bxd1 {[%clk 0:07:00]}  h6 {[%clk 0:03:29]} 26. Bc5 {[%clk 0:07:01]}  Nd5 {[%clk 0:03:29]} 27. Bd4 {[%clk 0:07:03]}  Qd7 {[%clk 0:03:03]} 28. Ra2 {[%clk 0:06:03]}  Bd3 {[%clk 0:02:28]} 29. g3 {[%clk 0:05:50]}  f6 {[%clk 0:02:24]} 30. Rd2 {[%clk 0:05:42]}  Qf5 {[%clk 0:02:19]} 31. f4 {[%clk 0:05:35]}  Qd7 {[%clk 0:01:29]} 32. Bf3 {[%clk 0:05:28]}  Ne7 {[%clk 0:01:27]} 33. Bc5 {[%clk 0:05:24]}  Nd5 {[%clk 0:01:22]} 34. Bd4 {[%clk 0:05:24]}  Ne7 {[%clk 0:01:23]} 35. Kf2 {[%clk 0:05:07]}  Nf5 {[%clk 0:01:02]} 36. Bc5 {[%clk 0:05:04]}  Qf7 {[%clk 0:00:58]} 37. g4 {[%clk 0:04:57]}  Nh4 {[%clk 0:00:56]} 38. Re7 {[%clk 0:04:52]}  Qg6 {[%clk 0:00:54]} 39. f5 {[%clk 0:04:33]}  Nxf5 {[%clk 0:00:37]} 40. gxf5 {[%clk 0:04:28]}  Qxf5 {[%clk 0:00:38]} 41. Re3 {[%clk 0:03:51]}  Qf4 {[%clk 0:00:29]} 42. Kg1 {[%clk 0:03:51]}  h5 {[%clk 0:00:25]} 43. Rf2 {[%clk 0:03:34]}  Qg5+ {[%clk 0:00:25]} 44. Rg2 {[%clk 0:03:35]}  Qf4 {[%clk 0:00:26]} 45. h3 {[%clk 0:03:29]}  Qf5 {[%clk 0:00:20]} 46. Rg3 {[%clk 0:03:19]}  Qf4 {[%clk 0:00:21]} 47. Bxh5 {[%clk 0:03:17]}  Qf1+ {[%clk 0:00:20]} 48. Kh2 {[%clk 0:03:18]}  Qf2+ {[%clk 0:00:19]} 49. Rg2 {[%clk 0:03:18]}  Qf4+ {[%clk 0:00:20]} 50. Reg3 {[%clk 0:03:02]}  Qe5 {[%clk 0:00:20]} 51. Bf3 {[%clk 0:02:53]}  Qxc3 {[%clk 0:00:13]} 52. Rxg7 {[%clk 0:02:54]}  Qe5+ {[%clk 0:00:11]} 53. R2g3 {[%clk 0:02:55]}  c3 {[%clk 0:00:06]} 54. Re7 {[%clk 0:02:53]}  Qf4 {[%clk 0:00:06]} 55. Be3 {[%clk 0:02:50]}  Qd6 {[%clk 0:00:07]} 56. Re8+ {[%clk 0:02:45]}  Kh7 {[%clk 0:00:08]} 57. Be4+ {[%clk 0:02:47]}  f5 {[%clk 0:00:08]} 58. Bc5 {[%clk 0:02:32]}  Qd7 {[%clk 0:00:05]} 59. Re7+ {[%clk 0:02:33]}  Qxe7 {[%clk 0:00:06]} 60. Bxe7 {[%clk 0:02:35]}  c2 {[%clk 0:00:02]} 61. Bxd3 {[%clk 0:02:33]}  c1=Q {[%clk 0:00:02]} 62. Bxf5+ {[%clk 0:02:34]}  Kh6 {[%clk 0:00:04]} 63. Bf8+ {[%clk 0:02:36]} 1-0


[Site "Internet"]

[Event "Chessable Masters - Torneo preliminare"]
[White "Michalik, Peter"]
[Black "Martinez Alcantara, Jose Eduardo"]
[WhiteFideId "14907526"]
[BlackFideId "3805662"]
[WhiteElo "2526"]
[BlackElo "2643"]
[Result "1/2-1/2"]
[Round "4"]
[TimeControl "600+2"]
[Date "2023.03.13"]
[WhiteClock "0:09:44"]
[BlackClock "0:09:41"]

1. e4 {[%clk 0:09:55]}  e5 {[%clk 0:10:00]} 2. Nf3 {[%clk 0:09:56]}  Nf6 {[%clk 0:10:02]} 3. Nxe5 {[%clk 0:09:54]}  d6 {[%clk 0:10:03]} 4. Nf3 {[%clk 0:09:53]}  Nxe4 {[%clk 0:10:04]} 5. d4 {[%clk 0:09:55]}  d5 {[%clk 0:10:05]} 6. Bd3 {[%clk 0:09:56]}  Be7 {[%clk 0:10:07]} 7. O-O {[%clk 0:09:56]}  Bf5 {[%clk 0:10:09]} 8. Re1 {[%clk 0:09:56]}  O-O {[%clk 0:10:10]} 9. Nbd2 {[%clk 0:09:57]}  Nd6 {[%clk 0:10:08]} 10. Nf1 {[%clk 0:09:56]}  Bg6 {[%clk 0:10:06]} 11. Bf4 {[%clk 0:09:44]}  Nd7 {[%clk 0:10:01]} 12. Ng3 {[%clk 0:09:44]}  c6 {[%clk 0:09:41]} 1/2-1/2


[Site "Internet"]

[Event "Chessable Masters - Torneo preliminare"]
[White "Erigaisi, Arjun"]
[Black "Dreev, Aleksey"]
[WhiteFideId "35009192"]
[BlackFideId "4100107"]
[WhiteElo "2685"]
[BlackElo "2557"]
[Result "1-0"]
[Round "4"]
[TimeControl "600+2"]
[Date "2023.03.13"]
[WhiteClock "0:03:06"]
[BlackClock "0:00:03"]

1. d4 {[%clk 0:10:01]}  d5 {[%clk 0:09:56]} 2. Nc3 {[%clk 0:10:02]}  c6 {[%clk 0:09:29]} 3. Bf4 {[%clk 0:10:00]}  Qb6 {[%clk 0:09:21]} 4. Rb1 {[%clk 0:09:43]}  Nf6 {[%clk 0:09:12]} 5. e3 {[%clk 0:09:42]}  Bf5 {[%clk 0:09:06]} 6. Bd3 {[%clk 0:09:29]}  e6 {[%clk 0:09:01]} 7. Nf3 {[%clk 0:09:21]}  Nbd7 {[%clk 0:08:53]} 8. Bxf5 {[%clk 0:09:14]}  exf5 {[%clk 0:08:54]} 9. O-O {[%clk 0:09:16]}  Be7 {[%clk 0:08:09]} 10. Qd3 {[%clk 0:09:17]}  g6 {[%clk 0:07:51]} 11. Ne2 {[%clk 0:09:18]}  O-O {[%clk 0:07:31]} 12. b3 {[%clk 0:09:19]}  a5 {[%clk 0:06:39]} 13. c4 {[%clk 0:09:07]}  Ne4 {[%clk 0:05:54]} 14. Ne5 {[%clk 0:09:05]}  Nxe5 {[%clk 0:05:43]} 15. Bxe5 {[%clk 0:09:07]}  Qd8 {[%clk 0:05:34]} 16. f3 {[%clk 0:09:00]}  Nf6 {[%clk 0:05:03]} 17. Nc3 {[%clk 0:08:39]}  Bb4 {[%clk 0:04:45]} 18. Na4 {[%clk 0:08:25]}  Be7 {[%clk 0:03:50]} 19. cxd5 {[%clk 0:08:09]}  Nxd5 {[%clk 0:03:43]} 20. e4 {[%clk 0:08:10]}  Nb4 {[%clk 0:03:43]} 21. Qd2 {[%clk 0:07:53]}  Bf6 {[%clk 0:03:10]} 22. Bxf6 {[%clk 0:07:28]}  Qxf6 {[%clk 0:03:12]} 23. a3 {[%clk 0:07:29]}  Na6 {[%clk 0:03:11]} 24. Rbd1 {[%clk 0:07:24]}  Rad8 {[%clk 0:02:58]} 25. e5 {[%clk 0:05:55]}  Qe7 {[%clk 0:02:58]} 26. Qc1 {[%clk 0:05:54]}  Nc7 {[%clk 0:02:47]} 27. Qc5 {[%clk 0:05:05]}  Rfe8 {[%clk 0:02:35]} 28. Qxa5 {[%clk 0:04:52]}  Nb5 {[%clk 0:02:18]} 29. Qb6 {[%clk 0:04:47]}  Qxa3 {[%clk 0:01:56]} 30. Nc5 {[%clk 0:04:11]}  Nxd4 {[%clk 0:01:51]} 31. Kh1 {[%clk 0:04:11]}  Rd5 {[%clk 0:01:30]} 32. b4 {[%clk 0:04:06]}  Rdxe5 {[%clk 0:01:08]} 33. Nd7 {[%clk 0:03:45]}  Ne2 {[%clk 0:00:22]} 34. Nxe5 {[%clk 0:03:34]}  Rxe5 {[%clk 0:00:23]} 35. Qxb7 {[%clk 0:03:34]}  Kg7 {[%clk 0:00:19]} 36. Qc7 {[%clk 0:03:18]}  Re6 {[%clk 0:00:05]} 37. Rd7 {[%clk 0:03:14]}  Rf6 {[%clk 0:00:07]} 38. Qe5 {[%clk 0:03:09]}  Qa2 {[%clk 0:00:03]} 39. Rd6 {[%clk 0:03:06]} 1-0


[Site "Internet"]

[Event "Chessable Masters - Torneo preliminare"]
[White "Gukesh, D"]
[Black "Mareco, Sandro"]
[WhiteFideId "46616543"]
[BlackFideId "112275"]
[WhiteElo "2629"]
[BlackElo "2541"]
[Result "1-0"]
[Round "4"]
[TimeControl "600+2"]
[Date "2023.03.13"]
[WhiteClock "0:04:23"]
[BlackClock "0:05:35"]

1. d4 {[%clk 0:10:01]}  Nf6 {[%clk 0:10:00]} 2. c4 {[%clk 0:10:01]}  e6 {[%clk 0:10:01]} 3. Nf3 {[%clk 0:10:02]}  d5 {[%clk 0:10:03]} 4. Nc3 {[%clk 0:10:02]}  Bb4 {[%clk 0:10:02]} 5. e3 {[%clk 0:10:00]}  O-O {[%clk 0:10:01]} 6. Bd2 {[%clk 0:10:00]}  Re8 {[%clk 0:10:00]} 7. Rc1 {[%clk 0:09:46]}  a5 {[%clk 0:09:49]} 8. Bd3 {[%clk 0:09:35]}  Nbd7 {[%clk 0:09:43]} 9. O-O {[%clk 0:09:25]}  c6 {[%clk 0:09:39]} 10. a3 {[%clk 0:09:06]}  Bf8 {[%clk 0:09:36]} 11. cxd5 {[%clk 0:08:17]}  exd5 {[%clk 0:09:30]} 12. Qc2 {[%clk 0:08:17]}  Bd6 {[%clk 0:08:57]} 13. Rfe1 {[%clk 0:08:14]}  Nf8 {[%clk 0:08:58]} 14. h3 {[%clk 0:08:13]}  Bd7 {[%clk 0:08:33]} 15. e4 {[%clk 0:07:05]}  dxe4 {[%clk 0:08:28]} 16. Nxe4 {[%clk 0:07:07]}  Nxe4 {[%clk 0:08:29]} 17. Bxe4 {[%clk 0:07:09]}  h6 {[%clk 0:08:07]} 18. d5 {[%clk 0:07:00]}  c5 {[%clk 0:08:00]} 19. a4 {[%clk 0:06:42]}  b5 {[%clk 0:07:08]} 20. axb5 {[%clk 0:06:39]}  Bxb5 {[%clk 0:07:09]} 21. Bc3 {[%clk 0:06:36]}  a4 {[%clk 0:07:06]} 22. Nd2 {[%clk 0:06:23]}  Qh4 {[%clk 0:06:59]} 23. Bf3 {[%clk 0:06:14]}  Ng6 {[%clk 0:05:46]} 24. Ne4 {[%clk 0:06:11]}  Bf8 {[%clk 0:05:47]} 25. d6 {[%clk 0:04:35]}  Ne5 {[%clk 0:05:41]} 26. Bxe5 {[%clk 0:04:28]}  Rxe5 {[%clk 0:05:41]} 27. Nc3 {[%clk 0:04:24]}  Rxe1+ {[%clk 0:05:34]} 28. Rxe1 {[%clk 0:04:26]}  Rb8 {[%clk 0:05:34]} 29. Nxb5 {[%clk 0:04:22]}  Rxb5 {[%clk 0:05:35]} 30. d7 {[%clk 0:04:23]} 1-0


[Site "Internet"]

[Event "Chessable Masters - Torneo preliminare"]
[White "Yakubboev, Nodirbek"]
[Black "Liang, Awonder"]
[WhiteFideId "14203987"]
[BlackFideId "2056437"]
[WhiteElo "2577"]
[BlackElo "2508"]
[Result "1-0"]
[Round "4"]
[TimeControl "600+2"]
[Date "2023.03.13"]
[WhiteClock "0:08:06"]
[BlackClock "0:04:12"]

1. c4 {[%clk 0:09:59]}  e5 {[%clk 0:09:56]} 2. Nc3 {[%clk 0:10:00]}  Nf6 {[%clk 0:09:53]} 3. Nf3 {[%clk 0:10:01]}  Nc6 {[%clk 0:09:53]} 4. e4 {[%clk 0:10:02]}  Bb4 {[%clk 0:09:52]} 5. d3 {[%clk 0:10:02]}  d6 {[%clk 0:09:52]} 6. a3 {[%clk 0:10:03]}  Ba5 {[%clk 0:09:31]} 7. b4 {[%clk 0:10:00]}  Bb6 {[%clk 0:09:32]} 8. Be3 {[%clk 0:10:01]}  Bg4 {[%clk 0:09:22]} 9. Be2 {[%clk 0:10:01]}  O-O {[%clk 0:09:23]} 10. O-O {[%clk 0:10:00]}  Bxf3 {[%clk 0:09:19]} 11. Bxf3 {[%clk 0:10:02]}  Nd4 {[%clk 0:09:20]} 12. Na4 {[%clk 0:10:03]}  Nxf3+ {[%clk 0:09:18]} 13. Qxf3 {[%clk 0:10:05]}  Bxe3 {[%clk 0:09:19]} 14. Qxe3 {[%clk 0:10:05]}  Nh5 {[%clk 0:09:16]} 15. g3 {[%clk 0:10:04]}  Qd7 {[%clk 0:08:57]} 16. Nc3 {[%clk 0:09:55]}  f5 {[%clk 0:08:59]} 17. Qf3 {[%clk 0:09:50]}  g6 {[%clk 0:08:47]} 18. exf5 {[%clk 0:09:49]}  c6 {[%clk 0:08:48]} 19. Qd1 {[%clk 0:09:09]}  Rxf5 {[%clk 0:07:49]} 20. g4 {[%clk 0:09:06]}  Rg5 {[%clk 0:04:24]} 21. f3 {[%clk 0:09:05]}  Nf4 {[%clk 0:04:25]} 22. h4 {[%clk 0:08:04]}  Rh5 {[%clk 0:04:15]} 23. gxh5 {[%clk 0:08:05]}  Qh3 {[%clk 0:04:12]} 24. Ra2 {[%clk 0:08:06]} 1-0


[Site "Internet"]

[Event "Chessable Masters - Torneo preliminare"]
[White "Bluebaum, Matthias"]
[Black "Vachier-Lagrave, Maxime"]
[WhiteFideId "24651516"]
[BlackFideId "623539"]
[WhiteElo "2601"]
[BlackElo "2762"]
[Result "1/2-1/2"]
[Round "4"]
[TimeControl "600+2"]
[Date "2023.03.13"]
[WhiteClock "0:09:59"]
[BlackClock "0:06:33"]

1. d4 {[%clk 0:10:01]}  Nf6 {[%clk 0:10:00]} 2. c4 {[%clk 0:10:03]}  g6 {[%clk 0:10:00]} 3. Nc3 {[%clk 0:10:04]}  d5 {[%clk 0:10:02]} 4. cxd5 {[%clk 0:10:06]}  Nxd5 {[%clk 0:10:03]} 5. e4 {[%clk 0:10:07]}  Nxc3 {[%clk 0:10:04]} 6. bxc3 {[%clk 0:10:09]}  Bg7 {[%clk 0:10:06]} 7. Nf3 {[%clk 0:10:11]}  c5 {[%clk 0:10:05]} 8. Bb5+ {[%clk 0:10:12]}  Nc6 {[%clk 0:10:07]} 9. O-O {[%clk 0:10:13]}  O-O {[%clk 0:10:05]} 10. Bxc6 {[%clk 0:10:14]}  bxc6 {[%clk 0:10:06]} 11. Qc2 {[%clk 0:10:16]}  cxd4 {[%clk 0:10:08]} 12. cxd4 {[%clk 0:10:18]}  Bg4 {[%clk 0:10:08]} 13. Ne5 {[%clk 0:10:20]}  Qxd4 {[%clk 0:10:09]} 14. Bb2 {[%clk 0:10:21]}  Qb6 {[%clk 0:10:08]} 15. Rab1 {[%clk 0:10:23]}  Bxe5 {[%clk 0:10:08]} 16. Bxe5 {[%clk 0:10:25]}  Qa5 {[%clk 0:10:09]} 17. Bc3 {[%clk 0:10:26]}  Qc5 {[%clk 0:10:08]} 18. Qb2 {[%clk 0:10:27]}  a5 {[%clk 0:09:48]} 19. Bd4 {[%clk 0:10:27]}  Qd6 {[%clk 0:09:37]} 20. Qc3 {[%clk 0:10:27]}  Be2 {[%clk 0:09:13]} 21. Rfe1 {[%clk 0:10:26]}  Bb5 {[%clk 0:09:13]} 22. a4 {[%clk 0:10:18]}  Bxa4 {[%clk 0:09:13]} 23. Bh8 {[%clk 0:10:19]}  f6 {[%clk 0:09:14]} 24. e5 {[%clk 0:10:21]}  Qd8 {[%clk 0:09:12]} 25. exf6 {[%clk 0:10:21]}  exf6 {[%clk 0:09:11]} 26. Rb7 {[%clk 0:10:23]}  Rf7 {[%clk 0:08:32]} 27. Rxf7 {[%clk 0:10:21]}  Kxf7 {[%clk 0:08:34]} 28. h4 {[%clk 0:10:21]}  Qxh8 {[%clk 0:06:29]} 29. Qc4+ {[%clk 0:10:16]}  Kf8 {[%clk 0:06:30]} 30. Qc5+ {[%clk 0:09:56]}  Kg8 {[%clk 0:06:30]} 31. Qc4+ {[%clk 0:09:56]}  Kf8 {[%clk 0:06:31]} 32. Qc5+ {[%clk 0:09:58]}  Kg8 {[%clk 0:06:32]} 33. Qc4+ {[%clk 0:09:59]}  Kf8 {[%clk 0:06:33]} 1/2-1/2


[Site "Internet"]

[Event "Chessable Masters - Torneo preliminare"]
[White "Aronian, Levon"]
[Black "Tabatabaei, M. Amin"]
[WhiteFideId "13300474"]
[BlackFideId "12521213"]
[WhiteElo "2720"]
[BlackElo "2558"]
[Result "1-0"]
[Round "4"]
[TimeControl "600+2"]
[Date "2023.03.13"]
[WhiteClock "0:06:09"]
[BlackClock "0:01:29"]

1. e4 {[%clk 0:10:01]}  e5 {[%clk 0:09:59]} 2. Nf3 {[%clk 0:10:02]}  c6 {[%clk 0:10:01]} 3. Nxe5 {[%clk 0:09:53]}  Qe7 {[%clk 0:09:59]} 4. d4 {[%clk 0:09:51]}  d6 {[%clk 0:09:59]} 5. Nf3 {[%clk 0:09:51]}  Qxe4+ {[%clk 0:09:57]} 6. Be3 {[%clk 0:09:47]}  Nf6 {[%clk 0:09:53]} 7. Nc3 {[%clk 0:09:36]}  Qg6 {[%clk 0:07:39]} 8. h3 {[%clk 0:09:24]}  Be7 {[%clk 0:07:20]} 9. g4 {[%clk 0:09:06]}  Ne4 {[%clk 0:06:55]} 10. Nxe4 {[%clk 0:08:57]}  Qxe4 {[%clk 0:06:57]} 11. c4 {[%clk 0:08:58]}  O-O {[%clk 0:06:39]} 12. Bd3 {[%clk 0:08:58]}  Qe6 {[%clk 0:06:40]} 13. d5 {[%clk 0:08:59]}  Qd7 {[%clk 0:05:09]} 14. Bc2 {[%clk 0:08:35]}  Qc7 {[%clk 0:04:54]} 15. Qd3 {[%clk 0:08:29]}  f5 {[%clk 0:04:46]} 16. O-O-O {[%clk 0:08:12]}  Na6 {[%clk 0:04:45]} 17. a3 {[%clk 0:08:12]}  Bf6 {[%clk 0:03:51]} 18. g5 {[%clk 0:07:55]}  Be7 {[%clk 0:03:48]} 19. Rhe1 {[%clk 0:07:47]}  g6 {[%clk 0:03:15]} 20. Bd4 {[%clk 0:07:41]}  Rf7 {[%clk 0:03:16]} 21. Bc3 {[%clk 0:07:33]}  c5 {[%clk 0:02:59]} 22. h4 {[%clk 0:07:03]}  f4 {[%clk 0:02:56]} 23. Nd4 {[%clk 0:06:55]}  Bg4 {[%clk 0:02:30]} 24. Ne6 {[%clk 0:06:26]}  Qd7 {[%clk 0:02:26]} 25. f3 {[%clk 0:06:25]}  Bh5 {[%clk 0:02:14]} 26. Re4 {[%clk 0:06:17]}  b5 {[%clk 0:02:08]} 27. cxb5 {[%clk 0:06:11]}  Nc7 {[%clk 0:02:08]} 28. a4 {[%clk 0:06:10]}  c4 {[%clk 0:01:29]} 29. Qd4 {[%clk 0:06:09]} 1-0


[Site "Internet"]

[Event "Chessable Masters - Torneo preliminare"]
[White "Lazavik, Denis"]
[Black "Makarian, Rudik"]
[WhiteFideId "13515110"]
[BlackFideId "44105681"]
[WhiteElo "2488"]
[BlackElo "2462"]
[Result "1-0"]
[Round "4"]
[TimeControl "600+2"]
[Date "2023.03.13"]
[WhiteClock "0:00:43"]
[BlackClock "0:00:06"]

1. d4 {[%clk 0:09:59]}  Nf6 {[%clk 0:10:01]} 2. c4 {[%clk 0:10:00]}  e6 {[%clk 0:10:02]} 3. Nf3 {[%clk 0:09:57]}  b6 {[%clk 0:09:49]} 4. g3 {[%clk 0:09:57]}  c6 {[%clk 0:09:50]} 5. Bg2 {[%clk 0:09:51]}  d5 {[%clk 0:09:52]} 6. O-O {[%clk 0:09:49]}  Be7 {[%clk 0:09:53]} 7. b3 {[%clk 0:09:44]}  O-O {[%clk 0:09:54]} 8. Qc2 {[%clk 0:09:42]}  Nbd7 {[%clk 0:09:52]} 9. Rd1 {[%clk 0:09:42]}  Bb7 {[%clk 0:09:41]} 10. Nc3 {[%clk 0:09:41]}  Ba6 {[%clk 0:09:41]} 11. Bb2 {[%clk 0:09:01]}  Rc8 {[%clk 0:09:30]} 12. e4 {[%clk 0:08:44]}  dxc4 {[%clk 0:09:29]} 13. Nd2 {[%clk 0:08:43]}  b5 {[%clk 0:08:50]} 14. bxc4 {[%clk 0:08:34]}  bxc4 {[%clk 0:08:52]} 15. Na4 {[%clk 0:06:56]}  c5 {[%clk 0:05:23]} 16. d5 {[%clk 0:06:50]}  exd5 {[%clk 0:05:22]} 17. exd5 {[%clk 0:06:52]}  Ne8 {[%clk 0:04:26]} 18. Nxc4 {[%clk 0:06:27]}  Bxc4 {[%clk 0:04:22]} 19. Qxc4 {[%clk 0:06:28]}  Nd6 {[%clk 0:04:21]} 20. Qa6 {[%clk 0:06:06]}  Nb6 {[%clk 0:03:54]} 21. Rac1 {[%clk 0:05:46]}  Nxa4 {[%clk 0:03:37]} 22. Qxa4 {[%clk 0:05:48]}  Bf6 {[%clk 0:03:13]} 23. Ba3 {[%clk 0:04:39]}  Qb6 {[%clk 0:02:03]} 24. Bh3 {[%clk 0:04:07]}  Nb5 {[%clk 0:00:54]} 25. Bxc8 {[%clk 0:04:05]}  Rxc8 {[%clk 0:00:56]} 26. d6 {[%clk 0:02:37]}  Nxd6 {[%clk 0:00:53]} 27. Rb1 {[%clk 0:02:11]}  Qc7 {[%clk 0:00:37]} 28. Qa6 {[%clk 0:02:09]}  Rd8 {[%clk 0:00:29]} 29. Rbc1 {[%clk 0:02:00]}  Ne4 {[%clk 0:00:24]} 30. Rxd8+ {[%clk 0:01:56]}  Qxd8 {[%clk 0:00:25]} 31. Qe2 {[%clk 0:01:43]}  Ng5 {[%clk 0:00:12]} 32. Bxc5 {[%clk 0:01:36]}  g6 {[%clk 0:00:11]} 33. Be3 {[%clk 0:01:33]}  Ne6 {[%clk 0:00:10]} 34. Bxa7 {[%clk 0:01:32]}  Qa8 {[%clk 0:00:10]} 35. Be3 {[%clk 0:01:32]}  h5 {[%clk 0:00:10]} 36. h4 {[%clk 0:01:32]}  Qe4 {[%clk 0:00:10]} 37. Qc2 {[%clk 0:01:15]}  Qf3 {[%clk 0:00:09]} 38. Qc6 {[%clk 0:01:15]}  Qg4 {[%clk 0:00:09]} 39. Kg2 {[%clk 0:01:05]}  Qf5 {[%clk 0:00:09]} 40. a4 {[%clk 0:01:01]}  g5 {[%clk 0:00:09]} 41. hxg5 {[%clk 0:01:00]}  Bxg5 {[%clk 0:00:11]} 42. Qf3 {[%clk 0:00:58]}  Qg6 {[%clk 0:00:08]} 43. a5 {[%clk 0:00:54]}  Bxe3 {[%clk 0:00:04]} 44. Qxe3 {[%clk 0:00:56]}  h4 {[%clk 0:00:05]} 45. a6 {[%clk 0:00:56]}  Qf5 {[%clk 0:00:05]} 46. a7 {[%clk 0:00:52]}  Qd5+ {[%clk 0:00:07]} 47. Kh2 {[%clk 0:00:53]}  Kg7 {[%clk 0:00:06]} 48. gxh4 {[%clk 0:00:53]}  Kh7 {[%clk 0:00:05]} 49. Rg1 {[%clk 0:00:50]}  Nd4 {[%clk 0:00:06]} 50. a8=Q {[%clk 0:00:43]} 1-0


[Site "Internet"]